Guess the lyrics of the song - Statistics

General Stats
  • This quiz has been taken 126 times
  • The average score is 28 of 119
Answer Stats
Answer % Correct
the
91%
and
77%
to
63%
in
62%
In
62%
is
61%
where
60%
On
59%
No
57%
They
57%
they
57%
go
55%
of
55%
that
50%
Why
48%
all
47%
for
45%
Day
39%
As
36%
at
34%
have
33%
their
32%
like
31%
Just
29%
should
28%
Now
27%
Oh
25%
out
24%
his
23%
has
21%
world
18%
more
17%
only
17%
yeah
15%
away
14%
God
10%
Hand
10%
leave
8%
minds
6%
black
5%
darkness
4%
fight?
4%
bodies
3%
Death
3%
Evil
3%
hour
3%
Lord
3%
masses
3%
plot
3%
themselves
3%
war
3%
brainwashed
2%
burning
2%
construction
2%
destruction
2%
fields
2%
gathered
2%
Generals
2%
hatred
2%
hide
2%
keeps
2%
mankind
2%
pigs
2%
Poisoning
2%
Politicians
2%
poor
2%
power
2%
Satan
2%
Sorcerers
2%
witches
2%
death's
1%
Judgment
1%
knees
1%
machine
1%
sins
1%
started
1%
turning
1%
wings
1%
Ashes
0%
Begging
0%
calling
0%
crawling
0%
laughing
0%
mercies
0%
spreads
0%
stops
0%
struck
0%
No matching quizzes found
Score Distribution
Percent of People with Each Score
Percentile by Number Answered
Your Score History
You have not taken this quiz